000 00915nam a2200265Ia 4500
003 OSt
005 20220923231013.0
006 a|||||r|||| 00| 0
007 ta
008 220922b |||||||| |||| 00| 0 pan d
020 _c150
024 _a353,522
037 _b1201, 06/03/2020, H.K. Prakashan
_cTextual
040 _aARTS
_cARTS
_bpan
041 _2pan
_apan
082 _aO153,3NBAx, Q9
100 _aਬੌਡੇ, ਗੁਰਮੇਲ ਸਿੰਘ, ਂਚ.
245 0 _aਖੋਖਲਾ ਬੰਦਾ
260 _aਬਰਨਾਲਾ
_b ਤਰਕਭਾਰਤੀ ਪ੍ਰਕਾFਨ
_c2019
300 _a128ਪ੍ਰ0
_ccm.
650 _a ਪੰਜਾਬੀ ਕਹਾਣੀ
650 _aਪੰਜਾਬੀ ਸਾਹਿਤ
942 _hO153,3NBAx, Q9
_cTEXL
_2CC
999 _c388725
_d388725